Differential global positioning system (Receiver) / (Record no. 188997)

000 -LEADER
fixed length control field 00810 a2200193 4500
003 - CONTROL NUMBER IDENTIFIER
control field NUST
005 - DATE AND TIME OF LATEST TRANSACTION
control field 20251124143924.0
040 ## - CATALOGING SOURCE
Transcribing agency Nust
082 ## - DEWEY DECIMAL CLASSIFICATION NUMBER
Classification number 621.382,ZUB
100 ## - MAIN ENTRY--PERSONAL NAME
Personal name Zubairi, M Danish (TCC-19 )
9 (RLIN) 132035
245 ## - TITLE STATEMENT
Title Differential global positioning system (Receiver) /
Statement of responsibility, etc. M Danish Zubairi, Wasif Iqbal, Rabi Iqbal Rana and Sangeen Khan
260 ## - PUBLICATION, DISTRIBUTION, ETC.
Place of publication, distribution, etc. Rawalpindi
Name of publisher, distributor, etc. MCS (NUST)
Date of publication, distribution, etc. July 2011
300 ## - PHYSICAL DESCRIPTION
Extent xv, 100 p.;
505 ## - FORMATTED CONTENTS NOTE
Formatted contents note Introduction (Page-1), Background (Page-5), System Overview (Page-14), System Modules (Page-25), System Integration (Page-53), Application and Scope (Page-60), Limitation, Extension and Conclusion (Page-65), Bibliography (Page-100).
650 ## - SUBJECT ADDED ENTRY--TOPICAL TERM
Topical term or geographic name entry element UG Projects
9 (RLIN) 98716
651 ## - SUBJECT ADDED ENTRY--GEOGRAPHIC NAME
Geographic name TCC-19
9 (RLIN) 106901
700 ## - ADDED ENTRY--PERSONAL NAME
Personal name Supervised by Dr. faisal Khan
9 (RLIN) 132036
942 ## - ADDED ENTRY ELEMENTS (KOHA)
Koha item type Project Report
Source of classification or shelving scheme
Holdings
Withdrawn status Lost status Source of classification or shelving scheme Damaged status Not for loan Permanent Location Current Location Shelving location Date acquired Full call number Barcode Date last seen Price effective from Koha item type Public note
          Military College of Signals (MCS) Military College of Signals (MCS) Reference 12/12/2016 621.382,ZUB MCSPTC -130 12/08/2016 12/12/2016 Project Report Almirah No. 94, Shelf No. 3
© 2023 Central Library, National University of Sciences and Technology. All Rights Reserved.